Quick Pick: Famous Africans Quiz Stats

 Plays Quiz Updated Mar 31, 2018

Score 0/10 Timer 01:00
0 Plays Today
% Correct
Cleopatra VII
94.7%
Nelson Mandela
91.9%
Kofi Annan
81.5%
Christiaan Barnard
79%
Haile Selassie
72.3%
Desmond Tutu
70.5%
Chinua Achebe
67.9%
Anwar Sadat
66.9%
Haile Gebrselassie
63.6%
Gamal Abdel Nasser
62.4%

Today's Daily Dose

Missing Word
TV IA - IZ

Word Ladder
Home Improvement

Get the Picture
Wrist or Ankle Bones

You're not logged in!

Compare scores with friends on all Sporcle quizzes.
OR
Log In

You Might Also Like...

Show Comments

Extras

Top Quizzes Today


Score Distribution

Your Account Isn't Verified!

In order to create a playlist on Sporcle, you need to verify the email address you used during registration. Go to your Sporcle Settings to finish the process.

Report this User

Report this user for behavior that violates our Community Guidelines.

Details: